| 000 | 00412 a2200157 4500 | ||
|---|---|---|---|
| 005 | 20250624065423.0 | ||
| 020 | _a0-07-059120-2 | ||
| 082 | _a657SMI | ||
| 100 | _aSMITH. J. L | ||
| 245 | _aAccounting Principles | ||
| 250 | _a2nd Ed. | ||
| 260 |
_aNew York, _bKHAN. M. Y, _c1986. |
||
| 300 |
_axix, 1091p,; ill, figure table & picture _bIndex _c26cm |
||
| 700 | _aKEITH. R. M & STEPHENS. W. L. | ||
| 942 |
_2ddc _cBKS |
||
| 999 |
_c4729 _d4729 |
||